Principles of Distributed Database Systems, Third Edition

This third edition of a classic textbook can be used to teach at the senior undergraduate and graduate levels. The material concentrates on fundamental theories as well as techniques and algorithms. The advent of the Internet and the World Wide Web, and, more recently, the emergence of cloud computi...

Πλήρης περιγραφή

Λεπτομέρειες βιβλιογραφικής εγγραφής
Κύριοι συγγραφείς: Özsu, M. Tamer (Συγγραφέας), Valduriez, Patrick (Συγγραφέας)
Συγγραφή απο Οργανισμό/Αρχή: SpringerLink (Online service)
Μορφή: Ηλεκτρονική πηγή Ηλ. βιβλίο
Γλώσσα:English
Έκδοση: New York, NY : Springer New York, 2011.
Θέματα:
Διαθέσιμο Online:Full Text via HEAL-Link
LEADER 03503nam a22004455i 4500
001 978-1-4419-8834-8
003 DE-He213
005 20151204190506.0
007 cr nn 008mamaa
008 110222s2011 xxu| s |||| 0|eng d
020 |a 9781441988348  |9 978-1-4419-8834-8 
024 7 |a 10.1007/978-1-4419-8834-8  |2 doi 
040 |d GrThAP 
050 4 |a QA76.76.A65 
072 7 |a UNH  |2 bicssc 
072 7 |a UDBD  |2 bicssc 
072 7 |a COM032000  |2 bisacsh 
082 0 4 |a 005.7  |2 23 
100 1 |a Özsu, M. Tamer.  |e author. 
245 1 0 |a Principles of Distributed Database Systems, Third Edition  |h [electronic resource] /  |c by M. Tamer Özsu, Patrick Valduriez. 
264 1 |a New York, NY :  |b Springer New York,  |c 2011. 
300 |a XX, 846 p.  |b online resource. 
336 |a text  |b txt  |2 rdacontent 
337 |a computer  |b c  |2 rdamedia 
338 |a online resource  |b cr  |2 rdacarrier 
347 |a text file  |b PDF  |2 rda 
505 0 |a Introduction -- Background -- Distributed Database Design -- Database Integration -- Data and Access Control -- Overview of Query Processing -- Query Decomposition and Data Localization -- Optimization of Distributed Queries -- Multidatabase Query Processing -- Introduction to Transaction Management -- Distributed Concurrency Control -- Distributed DBMS Reliability -- Data Replication -- Parallel Database Systems -- Distributed Object Database Management -- Peer-to-Peer Data Management -- Web Data Management -- Current Issues -- References -- Index. 
520 |a This third edition of a classic textbook can be used to teach at the senior undergraduate and graduate levels. The material concentrates on fundamental theories as well as techniques and algorithms. The advent of the Internet and the World Wide Web, and, more recently, the emergence of cloud computing and streaming data applications, has forced a renewal of interest in distributed and parallel data management, while, at the same time, requiring a rethinking of some of the traditional techniques. This book covers the breadth and depth of this re-emerging field. The coverage consists of two parts. The first part discusses the fundamental principles of distributed data management and includes distribution design, data integration, distributed query processing and optimization, distributed transaction management, and replication. The second part focuses on more advanced topics and includes discussion of parallel database systems, distributed object management, peer-to-peer data management, web data management, data stream systems, and cloud computing. New in this Edition: • New chapters, covering database replication, database integration, multidatabase query processing, peer-to-peer data management, and web data management. • Coverage of emerging topics such as data streams and cloud computing • Extensive revisions and updates based on years of class testing and feedback Ancillary teaching materials are available. 
650 0 |a Computer science. 
650 0 |a Computer organization. 
650 1 4 |a Computer Science. 
650 2 4 |a Information Systems Applications (incl. Internet). 
650 2 4 |a Computer Systems Organization and Communication Networks. 
700 1 |a Valduriez, Patrick.  |e author. 
710 2 |a SpringerLink (Online service) 
773 0 |t Springer eBooks 
776 0 8 |i Printed edition:  |z 9781441988331 
856 4 0 |u http://dx.doi.org/10.1007/978-1-4419-8834-8  |z Full Text via HEAL-Link 
912 |a ZDB-2-SCS 
950 |a Computer Science (Springer-11645)